00304 a2200097 4500001001000000005001700010008004100027245005600068100002400124773005800148ART_1798820260410161656.0260409a 10aLa estartegia frente a las inspecciones impositivas1 aSequeira, Marcos A.0 tPráctica profesionalg- Nº 120 (jun. 2010)wREV542